Top 15 Covid-19 getroffen landen - 16 mei - Statistieken

Algemene statistieken
  • Deze quiz is 5 keer genomen
  • De gemiddelde score is 7 van 24
Antwoordstatistieken
land % Correct
China
100%
Verenigde Staten
80%
Brazilië
60%
Duitsland
60%
Frankrijk
60%
India
60%
Rusland
60%
Verenigd Koninkrijk
60%
België
40%
Italië
40%
Spanje
40%
Canada
20%
Portugal
20%
Zweden
20%
Bahrein
0%
Ierland
0%
Iran
0%
Koeweit
0%
Peru
0%
Qatar
0%
Singapore
0%
Turkije
0%
Wit-Rusland
0%
Zwitserland
0%
Geen overeenkomende quizzen gevonden
Scoreverdeling
Procent van Mensen met Elke Score
Percentiel versus Aantal Correcte Antwoorden
Uw Scoregeschiedenis
U heeft deze quiz nog niet genomen